| 000 | 00490nam a22001577a 4500 | ||
|---|---|---|---|
| 008 | 160604b xxu||||| |||| 00| 0 eng d | ||
| 020 | _a9784876883813 | ||
| 082 |
_22009 _aDC 179.6 _bOk41l |
||
| 100 |
_910150 _aOkawa, Ryuho |
||
| 245 |
_aThe laws of courage: _bunleash your true potential to open a path for the future/ _cRyuho Okawa. |
||
| 250 | _a2nd Edition | ||
| 260 |
_aTokyo: _bIRH Press, _cc2009. |
||
| 300 |
_a208 pages; _c19 cm. |
||
| 650 | 0 |
_910152 _aCourage |
|
| 942 |
_2ddc _cDC |
||
| 999 |
_c3039 _d3039 |
||